logo

Bir Sreshtho Munshi Abdur Rouf Library
Jhenaidah Cadet College

আমার যত গ্লানি / (Record no. 10134)

MARC details
000 -LEADER
fixed length control field 00527nam a22002057a 4500
001 - CONTROL NUMBER
JCCL Control Number 10134
003 - CONTROL NUMBER IDENTIFIER
JCCL marc code OSt
005 - DATE AND TIME OF LATEST TRANSACTION
control field 20180418173250.0
008 - FIXED-LENGTH DATA ELEMENTS--GENERAL INFORMATION
fixed length control field 180418b1973 bg ||||| |||| 00| 0 ben d
035 ## - SYSTEM CONTROL NUMBER
system control number (BD-JhCC)10134
040 ## - CATALOGING SOURCE
Original cataloging agency BD-JhCC
Modifying agency BD-JhCC
041 ## - LANGUAGE CODE
Language code of Book ben
082 ## - DEWEY DECIMAL CLASSIFICATION NUMBER
Classification number 891.443
Author mark and Year KAR 1973
100 ## - MAIN ENTRY--PERSONAL NAME
Personal name করীম, রশীদ
245 ## - TITLE STATEMENT
Title আমার যত গ্লানি /
Statement of responsibility, etc রশীদ করীম
300 ## - PHYSICAL DESCRIPTION
Pagination 277 p. :
Dimensions 20 CM.
650 ## - SUBJECT ADDED ENTRY--TOPICAL TERM
Topical term or geographic name as entry element Bengali Novel
942 ## - ADDED ENTRY ELEMENTS (KOHA)
Source of classification or shelving scheme Dewey Decimal Classification
Koha item type Books
Holdings
Source of classification or shelving scheme Damaged status Not for loan Home library Current library Shelving location Date of accession Cost, normal purchase price Total Checkouts Full call number Barcode Date last seen Copy number Koha item type
Dewey Decimal Classification     JCC Rouf Library JCC Rouf Library General Stacks 04/18/2018 65.00   891.443 KAR 1973 13196 04/18/2018 C-1 Books

JCC Library | Contacts | JCC Home

Last Update on 23 September 2017
Copyright @ 2017-2020 JCC Rouf Library
Rouf Library, Jhenidah Cadet College (JCC), Bangladesh